000 00860nam a22002055i 4500
001 178738
003 ES-MaACL
005 20230906220611.0
008 110613s1974 sp |||| | spa d
080 _a616.83
100 1 _aObach Tuca, Juan.
_9147189
245 1 0 _aValor pronóstico del tiempo de latencia en la parálisis facial idiopática /
_cresumen de la tesis presentada para aspirar al grado de doctor en medicina por Juan Obach Tuca.
260 _aBarcelona :
_bUniversidad de Barcelona, Secretariado de Publicaciones, Intercambio Científico y Extensión Universitaria :
_b[Ivern],
_c1974.
300 _a12, [1] p. ;
_c24 cm.
500 _aCub. tomada como port.
504 _aBibliografía: p. 11-[13]
650 0 4 _aParálisis facial.
_9147190
710 2 _aUniversidad de Barcelona.
_97141
852 _aES-MaACL
_jE-15361 (141)
_xOlim P-1374
999 _c178738
_d178738